Fidel Castro /

Guardado en:
Autor Corporativo: Ámbito Financiero.
Formato: Deslizar
Series:Los que forjaron el siglo XX
Materias:
Etiquetas: Agregar Etiqueta
Sin Etiquetas, Sea el primero en etiquetar este registro!
LEADER 00953ngm a22002415g 4500
001 CEM.cems022453
008 130507b2000##################0###0#####d
005 20241104151152.0
245 1 0 |a Fidel Castro /  |c Ámbito Financiero. 
300 |a 56'. 
490 0 |a Los que forjaron el siglo XX 
500 |a En soporte VHS, consultar en ventanilla. 
505 0 |a Cuba en los años 20. Las dictaduras de Machado y Batista. El surgimiento de Fidel Castro. La revolución cubana. La crisis de los misiles y su alianza con la URSS. Cuba hoy: el bloqueo, los exiliados. 
538 |a Soporte: VHS - Norma: Pal N - Color: Si - Grabación DRD 2000 - Hitachi=0000. 
110 2 |a Ámbito Financiero. 
082 9 8 |/ CUB 
653 |a HISTORIA AMERICANA 
653 |a CUBA 
653 |a REVOLUCION CUBANA 
653 |a CASTRO, FIDEL 
653 |a NIVEL PRIMARIO 
653 |a NIVEL SECUNDARIO 
859 |a CEMS  |b BIB. CEMS - Depto. Recursos Didacticos  |h 982  |i CUB  |k DRD  |p 1096.12  |t Ej.1